Introducción a la lógica /
Guardado en:
| Autor Principal: | |
|---|---|
| Formato: | Libro |
| Idioma: | Undetermined |
| Publicado: |
Buenos Aires :
Eudeba,
1997.
|
| Edición: | 1a. reimp. |
| Series: | Manuales
|
| Materias: | |
| Etiquetas: |
Agregar Etiqueta
Sin Etiquetas, Sea el primero en etiquetar este registro!
|
| LEADER | 00456nam a22001695a 4500 | ||
|---|---|---|---|
| 001 | DER.der015120 | ||
| 008 | 250213s1997####ag############000#0#und#d | ||
| 005 | 20250217130148.0 | ||
| 245 | 1 | 0 | |a Introducción a la lógica / |c Irving M. Copi. |
| 250 | |a 1a. reimp. | ||
| 260 | |a Buenos Aires : |b Eudeba, |c 1997. | ||
| 300 | |a 614 p. | ||
| 490 | 1 | |a Manuales | |
| 100 | 1 | |a Copi, Irving M. | |
| 650 | 7 | |a FILOSOFIA | |
| 650 | 7 | |a LOGICA | |
| 859 | |a DERECHO |b BIB. DERECHO |h 160 |i COP |p 0010537 | ||
